1737 1206 1971 1769 1381 1948 1468 1517 1320 1894 1082 1857 1771 1627 1242 1822 1150 1989 1895 1695 1217 1085 1437 1165 1169 1390 1580 1061 1478 1789 1522 1700 1638 1793 1444 1808 1130 1346 1495 1324 1571 1917 1960 1502 1666 1157 1901 1860 1544 1070 1140 1650 1771 1838 1508 1932 1875 1230 1826 1272 1022 1679 1286 1461 1192 1820 1409 1604 1466 1446 1604 1054 1225 1313 1016 1542 1014 1962 1760 1132 1954 1285 1421 1543 1331 1863 1367 1414 1200 1643 1311 1255 1406 1627 1639 1119 1711 1956 1294 BCNSPRNW ULIB Ver.6.0+V

เปลี่ยนเป็นภาษาไทย

Change to English
 แสดงรายละเอียดบรรณานุกรม
  กลับหน้าหลัก

Brief Record : Get Marc (ISO 2709) : E-mail record : QR code < ปิดหน้าต่าง
LEADER : 00000nam 2200000uu 4500
001    13399108896
003     ULIB
008    110316s2551||||th 000 0 tha d
020    9789740321415
060 04 WY32.JT3^bม453ข 2551
100 0  มานิตย์ จุมปา
245 10 ข้อควรระวังทางกฎหมายของพยาบาล /^cมานิตย์ จุมปา
250    พิมพ์ครั้งที่ 1
260    กรุงเทพฯ :^bสำนักพิมพ์แห่งจุฬาลงกรณ์มหาวิทยาลัย,^c2551
300    73 หน้า ;^c21 ซม.
650  7 การพยาบาล--กฎหมายและระเบียบข้อบังคับ
945    ^p60^l0^i026376
945    ^p60^l0^i026375
945    ^p60^l0^i026374
945    ^p60^l0^i026373
945    ^p60^l0^i024634
945    ^p60^l0^i024632
945    ^p60^l0^i024633
995    เกษร
999    ^aใช้งานได้ทุกระบบ
รายการนี้ยังไม่มีแท็ก
คุณยังไม่ได้ล็อกอิน คุณสามารถมีกิจกรรมร่วมกับเว็บไซต์ได้ แต่ต้องล็อกอินก่อน ::
  ล็อกอิน

รายการสื่อสารสนเทศ

ลำดับที่ ประเภท เลขเรียก/บาร์โค้ด สถานที่ สถานะ
- ไม่พบข้อมูล -

รายการใกล้เคียง
    ผู้แต่ง [มานิตย์ จุมปา]

    หัวเรื่อง [การพยาบาล--กฎหมายและระเบียบข้อบังคับ]

BibComment


ยังไม่เคยถูกคอมเมนท์

คอมเมนท์ทรัพยากรรายการนี้
  คอมเมนท์: ข้อควรระวังทางกฎห..


 Copyright 2026. Bcnsprnw @Library